<?xml version="1.0" encoding="UTF-8"?>
<record
    xmlns:xsi="http://www.w3.org/2001/XMLSchema-instance"
    xsi:schemaLocation="http://www.loc.gov/MARC21/slim http://www.loc.gov/standards/marcxml/schema/MARC21slim.xsd"
    xmlns="http://www.loc.gov/MARC21/slim">

  <leader>01202nam a22002657a 4500</leader>
  <controlfield tag="005">20170124103044.0</controlfield>
  <datafield tag="010" ind1=" " ind2=" ">
    <subfield code="a">142894</subfield>
  </datafield>
  <datafield tag="020" ind1=" " ind2=" ">
    <subfield code="c">1.50</subfield>
  </datafield>
  <datafield tag="035" ind1=" " ind2=" ">
    <subfield code="a">142894</subfield>
  </datafield>
  <datafield tag="037" ind1=" " ind2=" ">
    <subfield code="b">Cen Lib/Ret</subfield>
  </datafield>
  <datafield tag="040" ind1=" " ind2=" ">
    <subfield code="a">DPL</subfield>
    <subfield code="b">HN</subfield>
  </datafield>
  <datafield tag="082" ind1=" " ind2=" ">
    <subfield code="a">&#x909;</subfield>
    <subfield code="b">&#x91C;&#x93C;&#x94D;&#x935;&#x93F;&#x917;&#x938;&#x94D;&#x91F;&#x940;</subfield>
  </datafield>
  <datafield tag="100" ind1=" " ind2=" ">
    <subfield code="a">&#x91C;&#x93C;&#x94D;&#x935;&#x93F;&#x917;, &#x938;&#x94D;&#x91F;&#x940;&#x92B;&#x93C;&#x928;</subfield>
    <subfield code="9">68209</subfield>
  </datafield>
  <datafield tag="245" ind1=" " ind2=" ">
    <subfield code="a">&#x935;&#x93F;&#x930;&#x93E;&#x91F; :</subfield>
    <subfield code="c">&#x938;&#x94D;&#x91F;&#x940;&#x92B;&#x93C;&#x928; &#x91C;&#x93C;&#x94D;&#x935;&#x93F;&#x917;; &#x905;&#x928;&#x941;&#x935;&#x93E;&#x926;&#x915; &#x92F;&#x936;&#x92A;&#x93E;&#x932; &#x91C;&#x948;&#x928; </subfield>
    <subfield code="b">&#x92D;&#x93E;&#x930;&#x924;&#x940;&#x92F; &#x92A;&#x943;&#x937;&#x94D;&#x920;&#x92D;&#x942;&#x92E;&#x93F; &#x92A;&#x930; &#x932;&#x93F;&#x916;&#x93E; &#x92E;&#x93E;&#x930;&#x94D;&#x92E;&#x93F;&#x915; &#x909;&#x92A;&#x928;&#x94D;&#x92F;&#x93E;&#x938; /</subfield>
  </datafield>
  <datafield tag="246" ind1=" " ind2=" ">
    <subfield code="a">virat : bhartiya prishthbhoomi par likha marmik upanyas /</subfield>
    <subfield code="b">by Satifan Zwig; anuvadak Yashpal Jain </subfield>
  </datafield>
  <datafield tag="260" ind1=" " ind2=" ">
    <subfield code="a">&#x928;&#x92F;&#x940; &#x926;&#x93F;&#x932;&#x94D;&#x932;&#x940; </subfield>
    <subfield code="b">&#x938;&#x938;&#x94D;&#x924;&#x93E; &#x938;&#x93E;&#x939;&#x93F;&#x924;&#x94D;&#x92F; &#x92E;&#x923;&#x94D;&#x921;&#x932; </subfield>
    <subfield code="c">1958</subfield>
  </datafield>
  <datafield tag="270" ind1=" " ind2=" ">
    <subfield code="b">&#x928;&#x92F;&#x940; &#x926;&#x93F;&#x932;&#x94D;&#x932;&#x940; </subfield>
  </datafield>
  <datafield tag="300" ind1=" " ind2=" ">
    <subfield code="a">106&#x92A;&#x943;. </subfield>
    <subfield code="c">17&#x938;&#x947;&#x92E;&#x940; (&#x938;&#x91C;&#x93F;&#x932;&#x94D;&#x926;)</subfield>
  </datafield>
  <datafield tag="650" ind1=" " ind2=" ">
    <subfield code="a">&#x905;&#x902;&#x917;&#x94D;&#x930;&#x947;&#x91C;&#x940; &#x938;&#x93E;&#x939;&#x93F;&#x924;&#x94D;&#x92F; </subfield>
    <subfield code="9">68210</subfield>
  </datafield>
  <datafield tag="650" ind1=" " ind2=" ">
    <subfield code="a">&#x909;&#x92A;&#x928;&#x94D;&#x92F;&#x93E;&#x938; </subfield>
    <subfield code="9">68211</subfield>
  </datafield>
  <datafield tag="650" ind1=" " ind2=" ">
    <subfield code="a">English literature</subfield>
    <subfield code="9">68212</subfield>
  </datafield>
  <datafield tag="650" ind1=" " ind2=" ">
    <subfield code="a">Fiction</subfield>
    <subfield code="9">8901</subfield>
  </datafield>
  <datafield tag="700" ind1=" " ind2=" ">
    <subfield code="a">&#x91C;&#x948;&#x928;, &#x92F;&#x936;&#x92A;&#x93E;&#x932; </subfield>
    <subfield code="9">68213</subfield>
  </datafield>
  <datafield tag="942" ind1=" " ind2=" ">
    <subfield code="2">ddc</subfield>
    <subfield code="c">HN</subfield>
    <subfield code="h">&#x909;</subfield>
    <subfield code="m">&#x91C;&#x93C;&#x94D;&#x935;&#x93F;&#x917;&#x938;&#x94D;&#x91F;&#x940;</subfield>
  </datafield>
  <datafield tag="999" ind1=" " ind2=" ">
    <subfield code="c">116764</subfield>
    <subfield code="d">116764</subfield>
  </datafield>
  <datafield tag="952" ind1=" " ind2=" ">
    <subfield code="0">4</subfield>
    <subfield code="1">0</subfield>
    <subfield code="4">0</subfield>
    <subfield code="7">0</subfield>
    <subfield code="a">L</subfield>
    <subfield code="b">L</subfield>
    <subfield code="d">2015-08-25</subfield>
    <subfield code="e">Cen Lib/Ret</subfield>
    <subfield code="g">1.50</subfield>
    <subfield code="l">0</subfield>
    <subfield code="o">&#x909; &#x91C;&#x93C;&#x94D;&#x935;&#x93F;&#x917;&#x938;&#x94D;&#x91F;&#x940;</subfield>
    <subfield code="p">142894</subfield>
    <subfield code="r">2015-08-25 00:00:00</subfield>
    <subfield code="t">1</subfield>
    <subfield code="v">1.50</subfield>
    <subfield code="w">2015-08-25</subfield>
    <subfield code="y">HN</subfield>
    <subfield code="z">Written off on approval by DLB (By Circulation); dtd 15-06-2023</subfield>
  </datafield>
</record>
